| 000 | 01430nam a2200349 4500 | ||
|---|---|---|---|
| 001 | 132602 | ||
| 003 | ES-MaACL | ||
| 005 | 20230906194218.0 | ||
| 007 | t| | ||
| 008 | 070214s1973 sp cfo |||| | spa d | ||
| 020 |
_a84-600-5543-4 : _c(rúst.) |
||
| 080 | _a82-146.2:061.3(100)"1971" | ||
| 080 | _a82-131:061.3(100)"1971" | ||
| 111 | 2 |
_aColoquio Internacional sobre el Romancero ( _n1º. _d1971. _cMadrid) _9147337 |
|
| 245 | 1 | 3 |
_aEl romancero en la tradición oral moderna _b: 1º Coloquio Internacional / _cedición a cargo de Diego Catalán y de Samuel G. Armistead ; con la colaboración de Antonio Sánchez Romeralo. |
| 246 | 3 | 8 | _aEl romancero oral |
| 260 |
_aMadrid : _bCátedra-Seminario Menéndez Pidal, _c[1973] |
||
| 300 |
_aXI, 372 p., [13] h. de lám. fot. ; _c25 cm. |
||
| 490 | 1 |
_aRomancero y poesía oral ; _v1 |
|
| 500 | _aÍndices. | ||
| 504 | _aBibliografía: p. [303]-337. | ||
| 599 | _aLám.: retr. de María Goyri, R. Menéndez Pidal, C. Sánchez Albornoz. | ||
| 650 | 4 |
_aRomances- _vCongresos y asambleas. _9146979 |
|
| 650 | 4 |
_aRomances sefardíes. _9141177 |
|
| 700 | 1 |
_aCatalán, Diego. _937019 |
|
| 700 | 1 |
_aArmistead, Samuel G. _922992 |
|
| 700 | 1 |
_aSánchez Romeralo, Antonio. _9102898 |
|
| 710 | 2 |
_aUniversidad Complutense de Madrid. _bSeminario Menéndez Pidal. _97134 |
|
| 830 | 0 |
_aRomancero y poesía oral ; _v1 _9186899 |
|
| 852 |
_aES-MaACL _jP-1986 |
||
| 999 |
_c132602 _d132602 |
||